| 000 | 00827nam a2200181Ia 4500 | ||
|---|---|---|---|
| 008 | 100920s9999 xx 000 0 und d | ||
| 082 |
_b30016 _a38 थ 70 |
||
| 100 | _aसरदार गंगाधर बाळकृष्ण. | ||
| 245 | _aसंतवाड्र.मयाची सामाजिक फलश्रुति. | ||
| 260 |
_bमहाराष्ट-साहित्य-परिषद्र , पुणे 2. _c1970 |
||
| 300 |
_a144 _bसाधी |
||
| 365 | _b5 | ||
| 520 | _aशताब्दी ग्रंथ. | ||
| 630 | _aसंतवाड्र.मयाची सामाजिक फलश्रुति. | ||
| 650 | _aशताब्दी ग्रंथ. | ||
| 730 | _aसंतवाड्र.मयाची सामाजिक फलश्रुति. | ||
| 942 | _cBOOK | ||
| 999 |
_c685503 _d685500 |
||